| Tag |
First Indicator |
Second Indicator |
Subfields |
| LEADER |
00000pam a2200000 i 4500 |
| 001 |
in00000046970 |
| 005 |
20151007065348.0 |
| 008 |
790419s1979 nyu b 00110aeng |
| 010 |
|
|
|a 78020665
|
| 020 |
|
|
|a 0060111089 :
|c $12.95
|
| 035 |
|
|
|a (OCoLC)04956480
|
| 035 |
|
|
|9 AAE1838AM
|
| 040 |
|
|
|a DLC
|c DLC
|d TXA
|d UtOrBLW
|
| 043 |
|
|
|a n-us---
|
| 049 |
|
|
|a TXAM
|c 1 [1158284], 2 [1115194]
|
| 050 |
0 |
0 |
|a QC16.D95
|b A33 1979
|
| 082 |
0 |
|
|a 530/.092/4
|a B
|
| 100 |
1 |
|
|a Dyson, Freeman J.
|
| 245 |
1 |
0 |
|a Disturbing the universe /
|c Freeman Dyson.
|
| 250 |
|
|
|a 1st ed.
|
| 264 |
|
1 |
|a New York :
|b Harper & Row,
|c [1979]
|
| 264 |
|
4 |
|c ©1979
|
| 300 |
|
|
|a x, 283 pages ;
|c 24 cm.
|
| 336 |
|
|
|a text
|b txt
|2 rdacontent
|
| 337 |
|
|
|a unmediated
|b n
|2 rdamedia
|
| 338 |
|
|
|a volume
|b nc
|2 rdacarrier
|
| 504 |
|
|
|a Includes bibliographical references and index.
|
| 600 |
1 |
0 |
|a Dyson, Freeman J.
|
| 650 |
|
0 |
|a Physicists
|z United States
|v Biography.
|
| 650 |
|
0 |
|a Science.
|
| 999 |
|
|
|a MARS
|
| 999 |
f |
f |
|s ef0a7dae-eba2-3edd-9a31-89abbe92b8cf
|i a9ca7649-9fe4-3b84-af47-f0b9da4f05bc
|t 0
|
| 952 |
f |
f |
|p normal
|a Texas A&M University
|b College Station
|c Sterling C. Evans Library
|d Evans: Library Stacks
|t 0
|e QC16.D95 A33 1979
|h Library of Congress classification
|i unmediated -- volume
|m A14804590119
|
| 998 |
f |
f |
|a QC16.D95 A33 1979
|t 0
|l Evans: Library Stacks
|